الدلالة على الله / (رقم التسجيلة. 72456)

تفاصيل مارك
000 -الفاتح
عناصر البيانات ثابتة الطول 00868cam a2200217 i 4500
005 - تاريخ ووقت آخر معاملة
حقل ضبط 20251207082920.0
008 - عناصر البيانات ثابتة الطول
عناصر البيانات ثابتة الطول 250721s2001 le gr 000 0 ara d
020 ## - الترقيم الدولي المعياري للكتب (ردمك)
الترقيم الدولي المعياري للكتب (ردمك) 2745132539
082 14 - رقم تصنيف ديوي العشري
رقم التصنيف 214.61
رقم المادة ص ق ل
100 1# - مدخل رئيسي – اسم شخصي
الاسم الشخصي الصقلي، أبي القاسم عبد الرحمن بن محمد البكري
علاقة الشخص بالعمل/ دوره تأليف.
245 12 - بيان العنوان
العنوان الدلالة على الله /
بيان المسؤولية أبي القاسم عبد الرحمن بن محمد البكري الصقلي ؛ حققه وعلق عليه احمد فريد المزيدي.
250 ## - بيان الطبعة
بيان الطبعة الطبعه الاولى.
264 31 - بيانات النشر، التوزيع…إلخ
مكان النشر، التوزيع...إلخ بيروت :
اسم الناشر، الموزع...إلخ دار الكتب العلمية،
تاريخ النشر، التوزيع...إلخ 2001.
300 ## - الوصف المادي
عدد الوحدات المكونة للوعاء 160 صفحه.
650 17 - مدخل إضافي بالموضوع - مصطلح موضوعي
مصطلح موضوعي أو اسم جغرافي كعنصر مدخل الإيمان.
650 17 - مدخل إضافي بالموضوع - مصطلح موضوعي
مصطلح موضوعي أو اسم جغرافي كعنصر مدخل الإلهيات.
650 17 - مدخل إضافي بالموضوع - مصطلح موضوعي
مصطلح موضوعي أو اسم جغرافي كعنصر مدخل الله.
700 1# - مدخل إضافي - اسم شخصي
الاسم الشخصي المزيدي، أحمد فريد
علاقة الشخص بالعمل/ دوره تحقيق
942 ## - بيانات إضافية (كوها)
نوع التنصيف Dewey Decimal Classification
نوع المادة (كوها) كتب
المقتنيات
حالة السحب حالة الفقدان مصدر التصنيف حالة التلف غير قابل للإعارة المكتبة الرئيسية المكتبة الحالية موقع الرف تاريخ التزويد الرقم المتسلسل Total Checkouts رقم الإستدعاء الباركود تاريخ آخر ظهور تاريخ الفاتورة نوع المادة (كوها)
    Dewey Decimal Classification     المكتبة المركزية المكتبة المركزية الإعارة 06/07/2004 620128   214.61/ ص ق ل 620128 28/07/2025 06/07/2004 كتب
Implemented & Customized by: BBB with SCIT (Smart Chains for Information Technology)

Powered by Koha